000 00335nam a2200145Ia 4500
008 230718s9999 xx 000 0 und d
041 _aEng.
082 _a338.57
_bآغا-د
100 _aآغا البر حسین
245 0 _aدرویشی
260 _aPakistan
_bClassic Ro
_c2006
300 _a162
650 _aLaw
999 _c29244
_d29244